| 000 | 01264nam a2200241Ia 4500 | ||
|---|---|---|---|
| 003 | Ost | ||
| 005 | 20260507075655.0 | ||
| 008 | 260507s9999||||xx |||||||||||||| ||und|| | ||
| 020 | _a9957113178 | ||
| 040 | _cfsecg | ||
| 041 | _aara | ||
| 082 | _a346.07 | ||
| 100 |
_aالمومني، عمر حسن _eمؤلف |
||
| 245 | 0 |
_aالتوقيع الالكتروني وقانون التجارة الالكترونية / _c عمر حسن المومني |
|
| 260 |
_aعمان: _bدار وائل للنشر والتوزيع, _c[د.ت] |
||
| 300 |
_a239 صفحة؛ _bإيضاحات ؛ _c24 سم |
||
| 520 | _aالتعاقد الالكتروني والتجارة الالكترونية، لمحة تمهيدية عامة، التوقيع الالكتروني الرقمي، ماهو؟ وكيف يعمل؟، التجارة الالكترونية والتوقيع الالكتروني في ضوء التشريعات الدولية وقانون المعاملات الالكترونية المؤقت رقم (85) لسنة 2001، الخلاصة والتوصيات. | ||
| 653 | _aالتجارة الإلكترونية | ||
| 653 | _aالتكنولوجيا | ||
| 653 | _aالتوقيع الإلكتروني | ||
| 653 | _aالقانون التجاري | ||
| 942 | _cكتاب | ||
| 999 |
_c45687 _d45687 |
||